Akruálny princíp účtovníctva a jeho aplikácia v účtovníctve verejného sektora

Výhody účtovníctva založeného na akruálnom princípe. Skutočnosti, ktoré umožňuje zistiť účtovná závierka zostavená na akruálnom princípe účtovníctva. Akruálne účtovníctvo ako návod pre všetky subjekty verejného sektora na to, aby mohli účinnejšie riadiť svoju činnosť. Reforma prechodu na účtovníctvo...

Descrizione completa

Salvato in:
Dettagli Bibliografici
Autore principale: Kicová, Marianna
Natura: Capitolo di libro
Lingua:slovacco
Soggetti:
Tags: Aggiungi Tag
Nessun Tag, puoi essere il primo ad aggiungerne!!

MARC

LEADER 00000naa$a2200000$$$4500
001 0064071
005 20240502071740.9
041 0 |a slo 
044 |a SK 
245 1 0 |a Akruálny princíp účtovníctva a jeho aplikácia v účtovníctve verejného sektora  |c Marianna Kicová 
520 |a Výhody účtovníctva založeného na akruálnom princípe. Skutočnosti, ktoré umožňuje zistiť účtovná závierka zostavená na akruálnom princípe účtovníctva. Akruálne účtovníctvo ako návod pre všetky subjekty verejného sektora na to, aby mohli účinnejšie riadiť svoju činnosť. Reforma prechodu na účtovníctvo založené na akruálnom princípe. Akruálny princíp účtovníctva vo verejnom sektore upravený v Medzinárodných účtovných štandardoch (IPSAS). 
610 2 0 |a metódy účtovné 
610 2 0 |a účtovníctvo 
610 2 0 |a výkazy finančné 
610 2 0 |a závierka účtovná 
610 2 0 |a plánovanie 
610 2 0 |a efektívnosť 
610 2 0 |a výnosy 
610 2 0 |a náklady 
610 2 0 |a štandardy účtovné medzinárodné 
100 1 |a Kicová, Marianna